000 01173nac a22003257a 4500
001 BR8301782
003 BR-BrBNA
005 20240105115641.0
008 230509b bl.|||m| |||| 00| 0 por d
040 _aBR-BrBNA
_bpor
_cBiblioteca Nacional de Agricultura
072 _aF27; P12
090 _a0430 BR8301782
100 1 _aMaia, A.S.
100 1 _aSilva, M.J. da
110 1 _aCentro Nacional de Pesquisa do Algodao, Campina Grande, PB (Brasil)
_91702
245 1 _aAvaliacao economica de diferentes metodos de irrigacao complementar na cultura do algodoeiro arboreo (moco), no quarto ano de producao, Patos, Paraiba - 1982 [Gossypium hirsutum Marie Galante, Brasil]
260 3 _aCampina Grande, PB (Brasil):
_c1983.
300 _a5 p.
490 _aPesquisa em Andamento - Centro Nacional de Pesquisa do Algodao (Brazil)
_vno. 3
_x
650 _aALGODAO MOCO
650 _aCULTURA IRRIGADA
650 _aIRRIGACAO POR ASPERSAO
650 _aIRRIGACAO POR INFILTRACAO
650 _aSULCO
650 _aPRODUTIVIDADE
650 _aANALISE ECONOMICA
650 _aPARAIBA
909 _a202312
_bLúcia Elande
_c55
_dLúcia Elande
942 _2AGRIS
_n0
_cMS
999 _c275744
_d275744